Former Ussr Countries - Statistics

General Stats
  • This quiz has been taken 56 times
    45 since last reset
  • The average score is 13 of 15
Answers on the Map
Answers color-coded by a green-red scale on the quiz's map according to % correct below.
 
Answer Stats
Answer % Correct
Russia
100%
Belarus
95%
Estonia
95%
Moldova
95%
Ukraine
95%
Latvia
91%
lithuania
91%
turkmenistan
91%
Armenia
82%
Azerbaijan
82%
Kazachstan
82%
kyrgyzstan
82%
Georgia
77%
Uzbekistan
77%
tajikistan
73%
No matching quizzes found
Score Distribution
Percent of People with Each Score
Percentile by Number Answered
Your Score History
You have not taken this quiz since the last reset